Identidad y reconocimiento : los espacios públicos interiores del nacionalismo y del republicanismo / Silvina Vázquez los espacios públicos interiores del nacionalismo y del republicanismo / Silvina Vázquez
ISBN:
978-84-608-0999-9
Descripción Física:
102 p. ; 20 cm
Colección:
Grana ; 13
MARC
| LEADER | 00000nam a2200000Ia 4500 | ||
|---|---|---|---|
| 001 | 23037 | ||
| 008 | 160829s2009 xx 000 0 cat d | ||
| 020 | |a 978-84-608-0999-9 | ||
| 080 | |a M-6-385 | ||
| 100 | |a Vázquez, Silvina |9 39942 | ||
| 245 | |a Identidad y reconocimiento : |b los espacios públicos interiores del nacionalismo y del republicanismo / Silvina Vázquez | ||
| 260 | |a Barcelona : |b ICPS, Institut de Ciències Polítiques i Socials, |c 2009 | ||
| 300 | |a 102 p. ; |c 20 cm | ||
| 490 | |a Grana ; 13 | ||
| 590 | |a Bibliografia. | ||
| 590 | |a A la coberta: Premi Memòria Doctorat 2008 | ||
| 650 | |a Pensament polític |9 39943 | ||
| 650 | |a Nacionalisme |9 39944 | ||
| 650 | |a Republicanisme |9 39155 | ||
| 710 | 2 | |a Institut de Ciències Polítiques i Socials (Barcelona, Catalunya) |9 55871 | |
| 901 | |a Arxiu | ||
| 942 | |n 1 | ||
| 952 | |0 0 |1 0 |4 0 |6 M6385 |7 1 |9 49311 |a Arxiu |b Arxiu |d 2016-12-01 |l 0 |o M-6-385 |p 23037 |r 2016-12-01 00:00:00 |w 2016-12-01 |y ARXIU | ||
| 999 | |c 53153 |d 53153 | ||